00768 a2200193 4500003000500000005001700005020001500022040000900037082001100046100001900057245007000076250001100146260006500157300002600222505023100248538003000479600001900509650004600528Nust20170207153411.0 a0864990056 cNust a355.02 aSaad El-Shazly aThe crossing of SUEZ the October war 1973cGeneral Saad El-Shazly a1st ed aThird world center for research and publishingbLondonc1980 a231, p;billusc18 cm aThe Barrier (Page-13) Serving (page-15) Planning (page-18) Rebuilding (Page-33) Political Diary (Page-64) The Lull Before the Storm (Page-136) War (Page-149) Helping Hands (Page-184) Aftermath (APge-190) scapegoats (Page-197) aAlmirah No.52, Shelf No.6 aSaad El-Shazly aThe crossing of SUEZ the October war 1973